000
00295nam a2200109Ia 4500
008
200302s9999 xx 000 0 und d
100
_a
S. K. Guha Thakurta & Other
245
_a
Manual of Construction project Management
260
_b
Multi-Tech Publishing Co.
260
_c
2003
300
_a
292 P.,
999
_c
1999
_d
1999